Hướng dẫn sử dụng phần mềm công cụ xây dựng hệ thông tin địa lý GIS

Mục đích nhằm cung cấp phần mềm công cụ dễ sử dụng để xây dựng hệ thống thông tin địa lý. Phần mềm có thể dùng cho nhiều đối tượng người sử dụng không chuyên nghiệp đến chuyên nghiệp tạo ra nhiều các ứng dụng hiệu quả khác nhau. Đ...

ver descrição completa

Na minha lista:
Detalhes bibliográficos
Autor principal: Đặng, Văn Đức
Formato: Livro
Idioma:Undetermined
Publicado em: Hà Nội Xây dựng 2002
Assuntos:
Tags: Adicionar Tag
Sem tags, seja o primeiro a adicionar uma tag!
Thư viện lưu trữ: Trung tâm Học liệu Trường Đại học Cần Thơ
LEADER 01294nam a2200205Ia 4500
001 CTU_156510
008 210402s9999 xx 000 0 und d
082 |a 005.74 
082 |b Đ552 
100 |a Đặng, Văn Đức 
245 0 |a Hướng dẫn sử dụng phần mềm công cụ xây dựng hệ thông tin địa lý GIS 
245 0 |c Đặng Văn Đức 
260 |a Hà Nội 
260 |b Xây dựng 
260 |c 2002 
520 |a Mục đích nhằm cung cấp phần mềm công cụ dễ sử dụng để xây dựng hệ thống thông tin địa lý. Phần mềm có thể dùng cho nhiều đối tượng người sử dụng không chuyên nghiệp đến chuyên nghiệp tạo ra nhiều các ứng dụng hiệu quả khác nhau. Đồng thời phần mềm đwocj xây dựng không đồi hỏi các cấu hình cao về máy tính 
650 |a Geographic information systems,Information storage and retrieval systems,Hệ thống thông tin địa lý,Thông tin lưu trữ và các hệ thống truy hồi 
650 |x Geography,Địa lý 
904 |i Thi 
980 |a Trung tâm Học liệu Trường Đại học Cần Thơ